| 000 | 06357cam a22018614i 4500 | ||
|---|---|---|---|
| 003 | PE-LiUPU | ||
| 005 | 20250813165716.0 | ||
| 008 | 150625s2008 pe a r 001 0 spa d | ||
| 020 | _a6034522927 | ||
| 020 | _a9786034522923 | ||
| 035 | _a(Sirsi) i9786034522923 | ||
| 040 |
_aPE-LiUPU _bspa _cPE-LiUPU _dPE-LiUPU _erda |
||
| 049 | _aPRUA | ||
| 082 | 0 | 4 |
_a657.3 _bF64 _221 |
| 100 | 1 |
_aFlores Soria, Jaime, _d1957-, _eautor. |
|
| 245 | 1 | 0 |
_aEstados financieros : _bnuevo manual para la preparación de información financiera / _cJaime Flores Soria. |
| 264 | 1 |
_aLima : _bEntrelíneas, _c2008. |
|
| 300 |
_a632 páginas : _bilustraciones ; _c25 centímetros |
||
| 336 |
_atext _2rdacontent |
||
| 337 |
_aunmediated _2rdamedia |
||
| 338 |
_avolume _2rdacarrier |
||
| 504 | _aÍndice: páginas 629-632. | ||
| 505 | 0 | _a¿Qué se entiende por estados financieros? -- ¿Cuáles son los estados financieros? -- ¿Qué describen los estados financieros? -- ¿Cómo se reconocen los elementos de los estados financieros? -- Reconocimientos de activos -- Reconocimiento de pasivos -- Reconocimiento de ingresos -- Reconocimiento de gastos -- Clases de estados financieros -- Estados financieros de propósito general -- Estados financieros de propósito especial -- Describa brevemente el concepto de cada estado financiero -- ¿Cómo se preparan y presentan los estados financieros? -- ¿Cuáles son las normas contables? -- Uniformidad en la presentación -- Importancia relativa y agrupación -- Compensación -- ¿Cómo se evaluan o miden, los recursos y hechos económicos que afectan los estados financieros? -- ¿Quiénes son los usuarios de los estados financieros? -- Inversionistas -- Empleados -- Prestamistas -- Proveedores y otros acreedores comerciales -- Clientes -- Gobierno y sus organismos públicos -- Público en general -- Balance general -- ¿Qué es el balance general? -- ¿Por qué es importante el balance general? -- ¿Qué elementos financieros comprende el balance general? -- ¿Cómo se prepara y cuál es el contenido del balance general? -- Casos prácticos -- Estado de ganancias y pérdidas -- ¿Qué es el estado de ganancias y pérdidas? -- ¿Qué información se presenta en el estado de ganancias y pérdidas? -- ¿Cómo se prepara el estado de ganancia y pérdida? -- Estado de cambios en el patrimonio neto -- ¿Qué es el estado de cambios en el patrimonio neto? -- Excedete de revaluación, presentación en el estado de cambios en el patrimonio neto -- ¿Cómo se prepara el estado de cambios en el patrimonio neto? -- ¿Cómo se presenta el estado de cambios en el patrimonio neto? -- Casos prácticos -- Caso propuesto. | |
| 526 | _aP203 | ||
| 526 | _aP200 | ||
| 526 | _aSEG65 | ||
| 526 | _aSEG64 | ||
| 526 | _aSEG63 | ||
| 526 | _aSEG62 | ||
| 526 | _aSEG61 | ||
| 526 | _aSEG60 | ||
| 526 | _aSEG59 | ||
| 526 | _aSEG58 | ||
| 526 | _aSEG57 | ||
| 526 | _aSEG56 | ||
| 526 | _aSEG55 | ||
| 526 | _aSEG54 | ||
| 526 | _aSEG53 | ||
| 526 | _aSEG52 | ||
| 526 | _aSEG51 | ||
| 526 | _aSEG50 | ||
| 526 | _aSEG49 | ||
| 526 | _aSEG48 | ||
| 526 | _aSEG47 | ||
| 526 | _aSEG46 | ||
| 526 | _aSEG24 | ||
| 526 | _aSEG23 | ||
| 526 | _aSEG22 | ||
| 526 | _aSEG21 | ||
| 526 | _aSEG20 | ||
| 526 | _aSEG19 | ||
| 526 | _aSEG18 | ||
| 526 | _aSEG17 | ||
| 526 | _aSEG16 | ||
| 526 | _aSEG14 | ||
| 526 | _aSEG13 | ||
| 526 | _aSEG12 | ||
| 526 | _aSEG11 | ||
| 526 | _aSEG10 | ||
| 526 | _aSEG09 | ||
| 526 | _aSEG06 | ||
| 526 | _aSEG05 | ||
| 526 | _aSEG04 | ||
| 526 | _aSEG03 | ||
| 526 | _aSEG02 | ||
| 526 | _aSEG68 | ||
| 526 | _aSEG66 | ||
| 526 | _aSEG45 | ||
| 526 | _aSEG25 | ||
| 526 | _aSEG01 | ||
| 526 | _aP163 | ||
| 526 | _aP162 | ||
| 526 | _aP161 | ||
| 526 | _aP160 | ||
| 526 | _aP159 | ||
| 526 | _aP158 | ||
| 526 | _aP157 | ||
| 526 | _aP156 | ||
| 526 | _aP155 | ||
| 526 | _aP154 | ||
| 526 | _aP153 | ||
| 526 | _aP152 | ||
| 526 | _aP151 | ||
| 526 | _aP150 | ||
| 526 | _aP149 | ||
| 526 | _aP142 | ||
| 526 | _aP141 | ||
| 526 | _aP140 | ||
| 526 | _aP139 | ||
| 526 | _aP138 | ||
| 526 | _aP137 | ||
| 526 | _aP132 | ||
| 526 | _aP131 | ||
| 526 | _aP130 | ||
| 526 | _aP126 | ||
| 526 | _aP125 | ||
| 526 | _aP124 | ||
| 526 | _aP123 | ||
| 526 | _aP115 | ||
| 526 | _aP122 | ||
| 526 | _aP121 | ||
| 526 | _aP116 | ||
| 526 | _a P114 | ||
| 526 | _aP112 | ||
| 526 | _aP111 | ||
| 526 | _aP104 | ||
| 526 | _aP103 | ||
| 526 | _aP102 | ||
| 526 | _aP101 | ||
| 526 | _aP100 | ||
| 526 | _aP96 | ||
| 526 | _aP95 | ||
| 526 | _aP93 | ||
| 526 | _aP92 | ||
| 526 | _aP91 | ||
| 526 | _aP88 | ||
| 526 | _aP83 | ||
| 526 | _aP82 | ||
| 526 | _aP79 | ||
| 526 | _aP78 | ||
| 526 | _aP75 | ||
| 526 | _aP74 | ||
| 526 | _aP71 | ||
| 526 | _aP69 | ||
| 526 | _a P51 | ||
| 526 | _aP49 | ||
| 526 | _aP48 | ||
| 526 | _aP47 | ||
| 526 | _aP33 | ||
| 526 | _aP31 | ||
| 526 | _a P30 | ||
| 526 | _aP29 | ||
| 526 | _aP27 | ||
| 526 | _aP26 | ||
| 526 | _aP25 | ||
| 526 | _aP24 | ||
| 526 | _a P22 | ||
| 526 | _aP10 | ||
| 526 | _aP09 | ||
| 526 | _a P08 | ||
| 526 | _aP06 | ||
| 526 | _aP05 | ||
| 526 | _aP04 | ||
| 526 | _aP01 | ||
| 541 | _g001-007516; | ||
| 650 | 0 | 4 |
_aAdministración financiera _zPerú. |
| 650 | 0 | 4 |
_aEmpresas _xFinanzas. |
| 650 | 0 | 4 |
_aEstados financieros _zPerú. |
| 650 | 0 | 4 |
_aFinanzas _xContabilidad. |
| 910 |
_agl _bjv _clch _d20090201 |
||
| 942 |
_2ddc _cBOOK |
||
| 949 |
_a657.3 F64 _wDEWEY _c1 _i58925 _d2016-7-1 _e2016-6-26 _mBUL _n26 _p33.00 _r0 _sY _tBOOK _u2015-6-25 _xFCE _PP08 _0COMPRA _o.STAFF. Colección Ciencias Empresariales |
||
| 949 |
_a657.3 F65 2008 E1 _wDEWEY _c1 _iFJ01614 _lCCODEBUJ1 _mBUJ _p38.00 _r0 _sY _tBOOK _u2015-12-15 _xFCE _PP08 _0COMPRA _o.STAFF. Colección Ciencias Empresariales |
||
| 994 |
_aC0 _bPEPRU |
||
| 596 | _a1 3 | ||
| 999 |
_a657.3 F64 _wDEWEY _c47763 _i58925 _d47763 _e2019-10-6 _f2021-11-5 _g4 _lCCODEBUL1 _mBUL _n45 _p33.00 _q5 _r0 _sY _tBOOK _u2015-6-25 _xFCE _PP08 _0COMPRA _o.STAFF. Colección Ciencias Empresariales |
||
| 999 |
_a657.3 F65 2008 E1 _wDEWEY _c1 _iFJ01614 _d2019-11-5 _e2019-6-24 _f2022-1-31 _g4 _lCCODEBUJ1 _mBUJ _n16 _p38.00 _q22 _r0 _sY _tBOOK _u2015-12-15 _xFCE _PP08 _0COMPRA _o.STAFF. Colección General |
||
| 980 |
_81 _gALBERTO SANCHEZ Responsable de Automatización |
||